000 00268nam a2200109 4500
001 1980
090 _a1980
100 _a20190723b u||y0fre||u0ba y50
200 _aDossiers contacts
_bPériodique
210 _aLausanne
801 _aCH
_bCH-002049-8
955 _r1976: 1; 1979: 3; 1981: 148 et dernier